1664 1527 1114 1588 1046 1696 1403 1313 1427 1764 1068 1641 1751 1647 1841 1874 1010 1343 1325 1027 1830 1761 1063 1928 1768 1022 1313 1854 1381 1487 1788 1727 1762 1923 1001 1457 1674 1063 1291 1227 1681 1896 1914 1058 1249 1517 1906 1835 1313 1754 1707 1145 1429 1117 1200 1780 1594 1876 1425 1802 1479 1711 1562 1052 1303 1190 1017 1390 1546 1168 1852 1627 1624 1953 1436 1722 1072 1301 1980 1510 1160 1292 1036 1625 1188 1328 1742 1485 1457 1413 1192 1809 1569 1899 1463 1831 1109 1802 1804 BCNSPRNW ULIB Ver.6.0+V

เปลี่ยนเป็นภาษาไทย

Change to English
 แสดงรายละเอียดบรรณานุกรม
  กลับหน้าหลัก

Brief Record : Get Marc (ISO 2709) : E-mail record : QR code < ปิดหน้าต่าง
LEADER : 00000nam 2200000uu 4500
001    13399109605
003     ULIB
008    110405s2552||||th 000 0 tha d
020    9786115070053
060 04 WB537^bพ759น ล.3 2552
100 0  พิศิษฐ เบญจมงคลวารี
245 10 นวดดัดบำบัดอาการเบื้องต้น /^cโดย พิศิษฐ เบญจมงคลวารี
250    พิมพ์ครั้งที่ 1
260    กรุงเทพฯ :^bหมอชาวบ้าน,^c2552
300    137 หน้า :^bภาพประกอบ ;^c21 ซม.
440  0 นวดไทยเพื่อสุขภาพ ;^vล.3
650  7 การนวด
650  7 การบำบัดด้วยการนวด
945    ^p135^l0^i025329
945    ^p135^l0^i025673
995    ทศพร
999 ^a ใช้งานได้ทุกระบบ
รายการนี้ยังไม่มีแท็ก
คุณยังไม่ได้ล็อกอิน คุณสามารถมีกิจกรรมร่วมกับเว็บไซต์ได้ แต่ต้องล็อกอินก่อน ::
  ล็อกอิน

รายการสื่อสารสนเทศ

ลำดับที่ ประเภท เลขเรียก/บาร์โค้ด สถานที่ สถานะ
1. วิทยาศาสตร์การแพทย์ และสุขภาพ
วิทยาศาสตร์การแพทย์ และสุขภาพ
WB537 พ759น ล.3 2552 ฉ.2 
  Barcode: 025673
ห้องสมุดวิทยาเขตสวรรค์ประชารักษ์
►หนังสือทั่วไป
บนชั้น

รายการใกล้เคียง
    ผู้แต่ง [พิศิษฐ เบญจมงคลวารี]

    หัวเรื่อง [การนวด]
    หัวเรื่อง [การบำบัดด้วยการนวด]

BibComment


ยังไม่เคยถูกคอมเมนท์

คอมเมนท์ทรัพยากรรายการนี้
  คอมเมนท์: นวดดัดบำบัดอาการเ..


 Copyright 2026. Bcnsprnw @Library